[Event "FICGS rapid E 000226 email"]
[Site "FICGS email"]
[Date "2019.04.17"]
[Round "1"]
[White "Wood, Brian"]
[Black "Bearg, Nat"]
[Result "1-0"]
[WhiteElo "1284"]
[BlackElo "978"]
[PlyCount "27"]
[EventDate "2019.??.??"]
[EventType "tourn (rapid)"]
[EventRounds "6"]
[SourceTitle "Corr 2022"]
[Source "ChessBase"]
[SourceDate "2021.10.24"]
[SourceVersion "1"]
[SourceVersionDate "2021.10.24"]
[SourceQuality "1"]

1. d4 d5 2. c4 Nf6 3. cxd5 Nxd5 4. e4 Nb6 5. Nf3 e6 6. Nc3 Be7 7. Be2 0-0 8. 0-0 a5 9. Be3 Nc6 10. a3 Nc4 11. Bxc4 a4 12. Nxa4 b6 13. b4 Bb7 14. b5 1-0

[Event "FICGS class F 000097 email"]
[Site "FICGS email"]
[Date "2011.05.25"]
[Round "1"]
[White "Cavaille, Cedric"]
[Black "Bearg, Nat"]
[Result "1-0"]
[WhiteElo "942"]
[BlackElo "1086"]
[PlyCount "113"]
[EventDate "2011.??.??"]
[EventType "tourn (corr)"]
[EventRounds "6"]
[SourceTitle "Corr 2013"]
[Source "ChessBase"]
[SourceDate "2012.11.12"]
[SourceVersion "1"]
[SourceVersionDate "2012.11.12"]
[SourceQuality "1"]

1. e4 e5 2. Nf3 Nc6 3. Bc4 Nf6 4. Ng5 Qe7 5. Nxf7 Rg8 6. Ng5 d6 7. Bf7+ Kd8 8. Bxg8 Nxg8 9. Nf3 g5 10. d4 exd4 11. Nxd4 Bg7 12. c3 Nf6 13. Nxc6+ bxc6 14. Bxg5 h6 15. Bxf6 Bxf6 16. Nd2 Ba6 17. Qc2 d5 18. 0-0-0 Bg5 19. exd5 cxd5 20. h4 Bxh4 21. Rde1 Qf6 22. Qh7 Bxf2 23. Qg8+ Kd7 24. Qxa8 Bxe1 25. Qxd5+ Qd6 26. Qxd6+ Kxd6 27. Rxe1 Bb7 28. Rh1 Bxg2 29. Rxh6+ Kd5 30. Ra6 c5 31. Rxa7 c4 32. a4 Kc5 33. a5 Kb5 34. b4 Bd5 35. Nb1 Ka4 36. a6 Kb3 37. Rh7 Ka4 38. a7 Kb5 39. Rh8 Kb6 40. a8Q Bxa8 41. Rxa8 Kb7 42. Rh8 Kc6 43. Rh5 Kd6 44. Kd2 Ke6 45. Ke3 Kf6 46. Kd4 Kg6 47. Ra5 Kf6 48. Kxc4 Ke6 49. Nd2 Kd6 50. Nf3 Kc6 51. Ra6+ Kb7 52. Rh6 Kc7 53. Kd5 Kd7 54. Rh7+ Ke8 55. Ke6 Kf8 56. Ra7 Ke8 57. Ra8# 1-0

[Event "FICGS class F 000097 email"]
[Site "FICGS email"]
[Date "2011.05.25"]
[Round "1"]
[White "Haekkinen, Jorma"]
[Black "Bearg, Nat"]
[Result "1-0"]
[WhiteElo "1093"]
[BlackElo "1086"]
[PlyCount "135"]
[EventDate "2011.??.??"]
[EventType "tourn (corr)"]
[EventRounds "6"]
[SourceTitle "Corr 2013"]
[Source "ChessBase"]
[SourceDate "2012.11.12"]
[SourceVersion "1"]
[SourceVersionDate "2012.11.12"]
[SourceQuality "1"]

1. d4 Nc6 2. Nf3 d5 3. Nc3 Nf6 4. Bg5 e5 5. dxe5 d4 6. exf6 gxf6 7. Bd2 dxc3 8. Bxc3 Qd6 9. Qxd6 Bxd6 10. 0-0-0 Be6 11. e4 0-0-0 12. Bb5 Ne5 13. Bxe5 fxe5 14. Rhe1 Rhg8 15. g3 Bg4 16. Be2 Bc5 17. Rxd8+ Rxd8 18. Nxe5 Be6 19. Bg4 Bxf2 20. Re2 Bd4 21. Bxe6+ fxe6 22. Nf7 Rd7 23. Ng5 h6 24. Nf3 Bf6 25. h4 c5 26. e5 Bd8 27. g4 Rd5 28. g5 hxg5 29. hxg5 Rd7 30. g6 c4 31. c3 b5 32. Nd4 Bg5+ 33. Kc2 Re7 34. Nxb5 Rg7 35. Nd6+ Kd8 36. Nxc4 Rxg6 37. Rg2 Ke7 38. b4 Kf7 39. Nd6+ Kg7 40. Ne4 Bf4 41. Rxg6+ Kxg6 42. Nc5 Kf5 43. Nd7 Ke4 44. Kb3 Kd5 45. Nc5 Be3 46. Nd3 Ke4 47. Kc4 Bg1 48. a4 Kf5 49. b5 Ke4 50. a5 Be3 51. b6 axb6 52. a6 b5+ 53. Kxb5 Kxd3 54. c4 Ke4 55. c5 Kd5 56. a7 Bxc5 57. a8Q+ Kxe5 58. Kxc5 Kf5 59. Qf8+ Ke4 60. Qd6 e5 61. Qd5+ Kf4 62. Qd2+ Kf5 63. Qe3 e4 64. Kd5 Kg6 65. Qxe4+ Kg7 66. Ke6 Kf8 67. Qh7 Ke8 68. Qe7# 1-0

[Event "FICGS class F 000095 email"]
[Site "FICGS email"]
[Date "2011.04.14"]
[Round "1"]
[White "Bearg, Nat"]
[Black "Cavaille, Cedric"]
[Result "1-0"]
[WhiteElo "1117"]
[BlackElo "969"]
[PlyCount "101"]
[EventDate "2011.??.??"]
[EventType "tourn (corr)"]
[EventRounds "6"]
[SourceTitle "Corr 2013"]
[Source "ChessBase"]
[SourceDate "2012.11.12"]
[SourceVersion "1"]
[SourceVersionDate "2012.11.12"]
[SourceQuality "1"]

1. d4 g6 2. Nf3 Bg7 3. c3 d6 4. Qa4+ Qd7 5. Qxd7+ Bxd7 6. b3 Nf6 7. e3 Nc6 8. Bd3 d5 9. 0-0 0-0 10. Nbd2 a6 11. Ba3 b5 12. Rac1 a5 13. Bxb5 Rfb8 14. Bxc6 e6 15. Bxa8 Rxa8 16. Ne5 Bb5 17. c4 Be8 18. cxd5 exd5 19. Rxc7 Ne4 20. Nxe4 Bxe5 21. dxe5 dxe4 22. b4 axb4 23. Bxb4 Kg7 24. Re7 Bb5 25. Rd1 Re8 26. Rxe8 Bxe8 27. Rd4 f5 28. Be7 h5 29. a4 Kf7 30. Bd6 g5 31. a5 f4 32. exf4 gxf4 33. Rxe4 Bc6 34. Rxf4+ Ke6 35. Bc7 Kd7 36. Rf7+ Ke6 37. Rf6+ Kd7 38. Rxc6 Kxc6 39. Bd8 Kd5 40. a6 Kxe5 41. a7 Kf4 42. a8Q h4 43. Bxh4 Kg4 44. Qe4+ Kh5 45. g3 Kh6 46. f4 Kh5 47. f5 Kh6 48. f6 Kh5 49. f7 Kh6 50. f8Q+ Kh5 51. Qef5# 1-0

[Event "FICGS class F 000095 email"]
[Site "FICGS email"]
[Date "2011.04.14"]
[Round "1"]
[White "Gonet, Gerard"]
[Black "Bearg, Nat"]
[Result "1-0"]
[WhiteElo "1146"]
[BlackElo "1117"]
[PlyCount "61"]
[EventDate "2011.??.??"]
[EventType "tourn (corr)"]
[EventRounds "6"]
[SourceTitle "Corr 2013"]
[Source "ChessBase"]
[SourceDate "2012.11.12"]
[SourceVersion "1"]
[SourceVersionDate "2012.11.12"]
[SourceQuality "1"]

1. d4 e6 2. Nc3 d5 3. e4 Nf6 4. f3 Be7 5. Bf4 0-0 6. Bd3 Nc6 7. Nb5 a6 8. Nxc7 Ra7 9. Nh3 Nxd4 10. e5 Nd7 11. Nxd5 exd5 12. Bxh7+ Kxh7 13. Qxd4 Bc5 14. Qxd5 Qh4+ 15. Bg3 Qb4+ 16. c3 Qxb2 17. Qe4+ g6 18. Ng5+ Kg7 19. Rd1 Qxc3+ 20. Kf1 b6 21. Qe2 Re8 22. e6 Nf6 23. Be5 fxe6 24. Bxc3 Rae7 25. Qe5 Rf8 26. Ne4 Kg8 27. Qg5 Kf7 28. Qxf6+ Ke8 29. Qxg6+ Rff7 30. Nf6+ Kf8 31. Qg8# 1-0